| 000 | 00464nam a2200169 a 4500 | ||
|---|---|---|---|
| 005 | 20140310182644.0 | ||
| 008 | 100826s19uu xx 00 eng d | ||
| 050 |
_aPZ 7 _b.Al445 2009 |
||
| 100 | _aAlmario, Virgilio S. | ||
| 245 |
_aAng kamatis ni Peles. / _bVirgilio S. Almario. |
||
| 260 |
_aPhilippines : _bAdarna, _cc2009. |
||
| 300 |
_a32 p. : _bill. col. ; _c23 cm. |
||
| 650 | _aFolk literature | ||
| 942 |
_cBK _2lcc |
||
| 999 |
_c15025 _d15025 |
||